Statistics for Ottoman Empire Quiz

Click here to take the quiz!

General Stats

  • This quiz has been taken 85 times
  • The average score is 5 of 15

Answer Stats

QuestionAnswer% Correct
Who was the first Sultan?Osman I
81%
In what year was Ottoman Empire created?1299
61%
Who was the Sultan that conquered Constantinople?Mehmed II
60%
Who was the Sultan that fell during the Kosovo war?Murad I
53%
Who was the last Sultan?Mehmed VI
48%
When did the Ottoman Empire fell?1923
47%
In 1915,the Ottomans defeated the Allies in this peninsula.Gallipoli
42%
This Sultan nearly conquered this important European city.Suleiman I
35%
In 1588,this Sultan made the Empire in it's biggest territories.Murad III
26%
This Sultan had more than 200 women in his harem.Ibrahim
23%
Who was that Sultan,that poisened queen Victoria?Abdülhamid II
21%
When happend the first Kosovo war?1389
18%
This Sultan ruled the Empire only for 3 months.Murad V
16%
When was the battle of Plevna?1878
11%
Ottomans lost a lot of territories in Europe,because of this war.Great Turkish War
6%

Score Distribution

Percentile by Number Answered

Percent of People with Each Score

Your Score History

You have not taken this quiz